000
00229 a2200097 4500
001
58718
100
_a
245
_a
Salas and hille's calculus one variable
260
_a
nEW YORK
_b
J Wlley
_c
1995
090
_c
36039
_d
36039
942
_a
NUST-CAE
_c
MONOGRAPH
_c
28935
999
_c
293791
_d
293791